000 00767nam a22002537a 4500
001 23062
003 UA-OsUOA
005 20210103215224.0
007 ta
008 20040106b un ||||| |||| 00| 0 ukr d
040 _aUA-OsUOA
_brus
_cUA-OsUOA
_dUA-OsUOA
041 _arus
044 _aUA
080 _a297.18
090 _a297.18
_bЛ821
100 _aЛубский В. И.
245 _aСвященные книги мусульман как историко-литературные памятники
_bконспект лекций по спецкурсу
260 _aКиев
_bКДУ
_c1992
300 _a184 с.
650 7 _2UDC
942 _cBK
_2udc
955 _a0
999 _c309301
_d309301